01141cam a2200289 45000010008000000030004000080050017000120080041000290100017000700400018000870430012001050500022001170820015001391000039001542450088001932600053002813000046003344900064003805000058004445000039005025040064005416500027006056500037006326500037006697100078007068300067007841258357OSt20230608093311.0700813r19691955enkab b 001 0 eng  a 73489324  aDLCcDLCdDLC af-et---00aDT390.G2bH8 196900a972.9bHUN1 aHuntingford, George Wynn Brereton.14aThe Galla of Ethiopia:bthe Kingdoms of Kafa and Janjero,cby G. W. B. Huntingford. aLondon,bInternational African Institutec[1969] a158 p.billus., maps (part fold.)c24 cm.1 aEthnographic survey of Africa: North-eastern Africa,vpt. 2 aReprint of 1955 ed., with supplementary bibliography. aPages 157-158, advertising matter. aIncludes bibliographical references (p. 145-149) and index. 0aOromo (African people) 0aKaffa (African people)xHistory. 0aYemma (African people)xHistory.2 aThomas Leiper Kane Collection (Library of Congress. Hebraic Section)5DLC 0aEthnographic survey of Africa.pNorth-eastern Africa ;vpt. 2.